| 000 -LEADER |
| fixed length control field |
00785cam a2200253 a 4500 |
| 020 ## - INTERNATIONAL STANDARD BOOK NUMBER |
| ISBN |
086531389X |
| 020 ## - INTERNATIONAL STANDARD BOOK NUMBER |
| ISBN |
086531425X (pbk.) |
| 040 ## - CATALOGING SOURCE |
| Transcribing agency |
DLC |
| 082 00 - DEWEY DECIMAL CLASSIFICATION NUMBER |
| Classification number |
338 WES 1982 A077 Or. |
| 100 1# - MAIN ENTRY--AUTHOR NAME |
| Personal name |
Shaner, W. W. |
| 245 10 - TITLE STATEMENT |
| Title |
Farming systems research and development : |
| Remainder of title |
guidelines for developing countries / |
| 260 ## - PUBLICATION, DISTRIBUTION, ETC. (IMPRINT) |
| Place of publication |
Boulder, Colo. : |
| Name of publisher |
Westview Press, |
| Year of publication |
1982. |
| 300 ## - PHYSICAL DESCRIPTION |
| Number of Pages |
414 p. : |
| Other physical details |
ill. ; |
| Dimensions |
29 cm. |
| 500 ## - GENERAL NOTE |
| General note |
At head of title: A Consortium for International Development study. |
| 500 ## - GENERAL NOTE |
| General note |
Includes index. |
| 650 #0 - SUBJECT ADDED ENTRY--TOPICAL TERM |
| Topical Term |
Agriculture |
| 650 #0 - SUBJECT ADDED ENTRY--TOPICAL TERM |
| Topical Term |
Agricultural systems |
| 650 #0 - SUBJECT ADDED ENTRY--TOPICAL TERM |
| Topical Term |
Agriculture |
| 650 #0 - SUBJECT ADDED ENTRY--TOPICAL TERM |
| Topical Term |
Agricultural systems |
| 700 1# - ADDED ENTRY--PERSONAL NAME |
| Personal name |
Philipp, P. F. |
| 700 1# - ADDED ENTRY--PERSONAL NAME |
| Personal name |
Schmehl, W. R. |
| 710 2# - ADDED ENTRY--CORPORATE NAME |
| Corporate name or jurisdiction name as entry element |
Consortium for International Development. |
| 942 ## - ADDED ENTRY ELEMENTS (KOHA) |
| Koha item type |
សៀវភៅភាសាអង់គ្លេស |
| 952 ## - LOCATION AND ITEM INFORMATION (KOHA) |
| Withdrawn status [LOCAL, KOHA] |
0 |